000 00493nam a22001697a 4500
003 BD-ChCU
005 20251217142118.0
008 251217b bg ||||| |||| 00| 0 ben d
040 _cBD-ChCU
082 _a537.1 STR
100 _aStone , John M.
_918299
245 _aRadiation and optics :
_ban introduction to the classical theory./
_cJohn M. Stone .
260 _aNew York :
_bMcGraw -Hill ,
_cC 1963
300 _axvi , 544p
650 0 _aElectromagnetism
_918300
942 _2ddc
_cBK
_n0
999 _c110531
_d110531